In what way will the entry of the Czech Republic to the European Union influence Czech companies?

Príprava českých podnikov na tvrdé konkurenčné podmienky pred vstupom ČR do EÚ. Hlavné oblasti, v ktorých je nutná príprava na všetky pravidlá, nariadenia, normy, ktoré vyplývajú z rôznych zmlúv, predovšetkým z Maastrichtskej zmluvy.

Saved in:
Bibliographic Details
Main Author: Lang, Helmut
Other Authors: Synek, Miloslav
Format: Book Chapter
Language:English
Subjects:
Tags: Add Tag
No Tags, Be the first to tag this record!

MARC

LEADER 00000naa$a2200000$$$4500
001 0032921
005 20220504122803.6
041 0 |a eng 
044 |a SK 
245 1 0 |a In what way will the entry of the Czech Republic to the European Union influence Czech companies?  |c Helmut Lang, Miloslav Synek 
520 |a Príprava českých podnikov na tvrdé konkurenčné podmienky pred vstupom ČR do EÚ. Hlavné oblasti, v ktorých je nutná príprava na všetky pravidlá, nariadenia, normy, ktoré vyplývajú z rôznych zmlúv, predovšetkým z Maastrichtskej zmluvy. 
610 2 0 |a firmy 
610 2 0 |a Česko 
610 2 0 |a Európska únia 
610 2 0 |a integrácia ekonomická medzinárodná 
610 2 0 |a konkurencia trhová 
610 2 0 |a podmienky obchodné 
610 2 0 |a pohyb tovaru 
610 2 0 |a pohyb kapitálu 
100 1 |a Lang, Helmut 
700 1 |a Synek, Miloslav